Distribúcia video obsahu pomocou MPEG-DASH
Saved in:
| Main Author: | |
|---|---|
| Other Authors: | |
| Format: | Manuscript Book |
| Language: | Slovak English |
| Published: |
2020
|
| Subjects: | |
| Online Access: | http://is.stuba.sk/zp/portal_zp.pl?podrobnosti=150635 |
| Tags: |
No Tags, Be the first to tag this record!
|
MARC
| LEADER | 00000ntm a22000003a 4500 | ||
|---|---|---|---|
| 001 | stuzp80638 | ||
| 003 | SK-STU | ||
| 005 | 20200613212808.3 | ||
| 007 | ta | ||
| 008 | 150427s2015----xo-----f-mn---000-0-slo-d | ||
| 040 | |a STU |b slo | ||
| 041 | 0 | |a eng | |
| 100 | 1 | |a Bende, Tomáš |u 070400 |4 aut |U FIIT Fakulta informatiky a informačných technológií |T FIIT Ústav počítačového inžinierstva a aplikovanej informatiky |X 73667 |U I400 |Y 672 |7 73667 | |
| 242 | 0 | 1 | |a Distribúcia video obsahu pomocou MPEG-DASH |y slo |
| 245 | 1 | 0 | |a Distribúcia video obsahu pomocou MPEG-DASH |
| 260 | |c 2020 | ||
| 650 | 4 | |a Živé vysielanie |2 slo | |
| 650 | 4 | |a meranie QoE |2 slo | |
| 650 | 4 | |a MOS vyhodnotenie |2 slo | |
| 650 | 4 | |a MPEG-DASH |2 slo | |
| 650 | 4 | |a MPEG-DASH |2 eng | |
| 650 | 4 | |a Live streaming |2 eng | |
| 650 | 4 | |a QoE measurement |2 eng | |
| 650 | 4 | |a MOS evaluation |2 eng | |
| 700 | 1 | |a Boros, Tomáš |u 070400 |k Z2 |4 ths |U FIIT Fakulta informatiky a informačných technológií |T FIIT Ústav počítačového inžinierstva a aplikovanej informatiky |X 5793 |U I400 |Y 672 |7 A000005793 | |
| 856 | 4 | |u http://is.stuba.sk/zp/portal_zp.pl?podrobnosti=150635 | |